| 000 | 00564nam a22002057a 4500 | ||
|---|---|---|---|
| 001 | 25433 | ||
| 003 | BD-RjUL | ||
| 005 | 20211209050858.0 | ||
| 008 | 140318s1962 pk |||| |||| 000 0 eng d | ||
| 035 | _a(BD-RjUL)25503 | ||
| 040 |
_aBD-RjUL _beng _cBD-RjUL |
||
| 041 | _aeng | ||
| 082 | 0 | 4 |
_a945.72 _bEAS 1962 |
| 245 |
_aEast Pakistan : _bA profile / _cEd. by Sajjad S Husain. |
||
| 260 |
_aDacca : _b Orient Longmans, _c1962. |
||
| 300 |
_a347 p. : _b illus. ; _c25 cm. |
||
| 650 | 0 |
_a Bangladesh. _978201 |
|
| 700 | 1 |
_aHusain, Sajjad S _981045 |
|
| 942 |
_2ddc _cBK |
||
| 999 |
_c25433 _d25433 |
||